[Event "RUS-ch Men Blitz 2019"]
[Site "Sochi"]
[Date "2019.10.17"]
[Round "4.22"]
[White "Savchenko, Boris"]
[Black "Dashko, Andrey"]
[Result "0-1"]
[WhiteElo "2581"]
[BlackElo "2219"]
[Annotator "TA"]
[PlyCount "156"]
[EventDate "2019.10.17"]
[EventType "swiss"]
[EventCountry "RUS"]
[SourceTitle "playchess.com"]
[Source "ChessBase"]
[SourceQuality "1"]

{[%evp 12,156,40,18,45,35,59,56,89,44,47,2,6,-16,37,37,112,22,30,31,28,22,23,22,34,33,31,27,33,32,41,42,46,46,48,30,34,20,24,0,37,23,47,38,105,98,93,58,93,93,89,53,90,91,86,68,68,66,67,64,94,12,93,93,98,92,100,100,93,93,93,93,110,0,93,0,226,101,99,79,79,0,0,0,94,93,85,27,147,143,139,133,126,18,48,0,0,0,0,0,0,0,81,81,93,93,95,0,0,0,0,0,0,0,0,0,316,0,316,309,265,175,1052,1034,781,0,0,0,0,0,0,0,0,0,0,0,0,0,0,0,0,0,0,0,0,0,0]} 1. d4 Nf6 2. Nf3 d5 3. Bf4 c6 4. e3 g6 5. c4 Bg7 6. Nc3 O-O 7. h3 Re8 {D93: Grünfeld: 4 Nf3 Bg7 5 Bf4 0-0 6 e3} 8. Rc1 Bf5 $146 ({Predecessor:} 8... Ne4 9. Bd3 Nxc3 10. Rxc3 c5 11. O-O cxd4 12. exd4 Nc6 13. cxd5 Qxd5 14. Bc4 Qf5 15. Be3 {1-0 (38) Fier,A (2625)-Demuth,A (2387) Paris 2010}) 9. Be2 Be4 {White is slightly better.} 10. Qb3 Qb6 11. Nxe4 dxe4 12. Ne5 Nbd7 (12... Nfd7 $11) 13. Qa3 Nxe5 (13... a5 $14) 14. Bxe5 (14. dxe5 $16 Nd7 15. c5) 14... Nd7 $11 15. c5 Qd8 16. Bxg7 Kxg7 17. O-O Nf6 18. b4 a6 19. Qb3 Qd7 20. a4 Rad8 21. Rfd1 Qc7 22. Bc4 e6 23. Qb1 Re7 24. Bf1 Red7 25. Qb2 Nd5 26. b5 axb5 27. axb5 cxb5 (27... f5 $14) 28. Bxb5 $16 Re7 29. Bf1 f5 30. Bc4 f4 31. Bxd5 exd5 32. Rb1 Rf7 33. exf4 Qxf4 34. Re1 Rdf8 {[%cal Rf4f2]} 35. Re2 $1 Re7 36. Qc1 (36. Qb3 $16) 36... Qf6 (36... Qxc1+ $11 37. Rxc1 Ra8) 37. Qe3 Rff7 38. Reb2 Qh4 39. Rb6 Rd7 40. R1b2 Qh5 41. Kh2 Qf5 42. Kg1 Qh5 $1 43. Rb1 (43. Qd2 $16) 43... Qf5 $2 (43... Qh4 $11) 44. Qg3 (44. g4 $18 {is the precise move to win.} Qf3 45. Qxf3 exf3 46. Kh2) 44... Qh5 45. Rd6 Rde7 46. Qg4 (46. Qe3 $16) 46... Qh6 $1 $11 47. Qe2 Qf4 (47... e3 $11 48. fxe3 Rxe3) 48. Qe3 $16 Qf5 49. g4 (49. Rb2 $16) 49... Qf3 (49... Qc8 $1 $11 {remains equal.}) 50. Rxd5 Qxe3 51. fxe3 {[%mdl 4096] Endgame KRR-KRR} Rf3 52. Rb3 ({White should play} 52. Re5 $1 $16 {[%cal Re5e7]} Rxe5 53. dxe5) 52... Rxh3 53. Re5 Rxe5 54. dxe5 $11 {KR-KR} Kf7 55. Rxb7+ Ke6 56. Rb3 Rf3 (56... Kxe5 $11 {keeps the balance.} 57. Rc3 Rf3) 57. c6 $16 {aiming for c7.} Rf7 58. Rb7 {White wants to mate with Rxf7.} Rf8 59. c7 (59. Rxh7 $16 {Strongly threatening Rg7.} Kxe5 60. Kg2) 59... Rc8 $11 60. Kf2 Kxe5 61. Kg3 g5 62. Rb5+ Kf6 $1 63. Rc5 h6 $2 {[%mdl 8192] [#]} (63... Kg6 $1 $11 {and Black is okay.}) 64. Rc6+ $2 (64. Rc4 $1 $18 Ke5 65. Rc6) 64... Ke5 $2 {[%mdl 8192]} (64... Ke7 $11 {and Black has nothing to worry.}) 65. Rxh6 $18 Rxc7 66. Rg6 Rf7 $2 (66... Rc1) 67. Rxg5+ Ke6 {[#]} 68. Rg6+ $2 (68. Rf5 $1 $18 {[%cal Rf5f7] Rxf7 is the strong threat.} Rxf5 69. gxf5+ Kxf5 70. Kf2) 68... Ke5 $11 {The position is equal.} 69. Kh4 Rf3 70. Ra6 Rxe3 71. g5 Re1 72. g6 Rg1 {And now ...Kf5 would win.} 73. Kh5 e3 74. Ra3 Kf4 {[%cal Rg1h1]} (74... e2 $5 75. Ra5+ $8 Ke6 76. Ra6+ Ke5 77. Ra5+ Kf4 78. Ra4+ Kf5 79. Ra5+ Kf6 80. Ra6+ Kf5 81. Ra5+ Kf4 82. Ra4+ Kf5 83. Ra5+ $11) 75. Ra4+ Kf5 {( -> ...Rh1+)} 76. Ra5+ Kf6 {Threatens to win with ...Rh1+.} 77. Ra6+ Kf5 {[%cal Rg1h1]} 78. Ra5+ Kf6 {[%mdl 32768] Accuracy: White = 53%, Black = 37%. . Sensor Board Error (Ke4/e5)?} 0-1

[Event "RUS-ch Men Blitz 2019"]
[Site "Sochi"]
[Date "2019.10.17"]
[Round "4.23"]
[White "Stambulian, Arsen"]
[Black "Bocharov, Dmitry"]
[Result "0-1"]
[WhiteElo "2306"]
[BlackElo "2519"]
[Annotator "TA"]
[PlyCount "80"]
[EventDate "2019.10.17"]
[EventType "swiss"]
[EventCountry "RUS"]
[SourceTitle "playchess.com"]
[Source "ChessBase"]
[SourceQuality "1"]

{[%evp 13,132,0,41,20,33,0,0,0,14,-24,16,-8,-5,-31,-41,-51,-49,-46,-30,-164,-158,-160,0,0,0,0,0,0,0,-178,133,139,100,113,139,-174,-166,-185,-178,-165,-133,-231,-33,-318,-129,-216,0,0,0,-38,-46,-101,-91,-121,0,-172,-199,-178,-145,-140,-60,-54,0,0,0,-48,-14,-20,0,-40,0,0,0,-10,-9,-10,-10,-164,-16,0,59,-787,-741,-1106,-879,-907,-691,-607,-558,-4134,-4722,-29980,-1380,-1042,-988,-1088,-975,-29969,-29969,-29992,-29983,-29983,-29984,-29980,0,-29983,-29984,-29985,-29972,-5916,-2291,-4643,-4643,-4643,-4630,-29971,-29971,-29971,-29973,-29991,-29962]} 1. e4 c5 2. Nf3 d6 3. d4 cxd4 4. Nxd4 Nf6 5. Nc3 a6 6. Bg5 Nbd7 7. Qd2 b5 8. f3 {B94: Sicilian Najdorf: 6 Bg5 Nbd7} (8. O-O-O Bb7 9. f4 Rc8 10. Bxf6 Nxf6 11. e5 Rxc3 12. exf6 Rc5 13. b4 Rd5 14. Qe3 g5 15. Qc3 Qd7 {1-0 (34) Motylev,A (2694)-Burg,T (2455) Plovdiv 2010}) 8... Bb7 9. O-O-O (9. a4 $5 {[%cal Ra4b5]} e5 10. Nb3 $14 (10. axb5 exd4 11. Qxd4 a5 $15)) 9... Rc8 10. Kb1 {The position is equal.} h6 11. Bh4 g6 12. Bd3 $146 ({Predecessor:} 12. Bf2 Bg7 13. Be3 Qc7 14. Bd3 Ne5 15. g4 {1-0 (40) Lecha Gonzalez,J (2151)-Palomero Galvez,A (1695) Barcelona 2011}) 12... Bg7 13. Nce2 O-O 14. Bf2 Ne5 15. Be3 Kh7 16. g4 (16. h4 $11 {and White is okay.}) 16... d5 $1 $19 17. g5 {[#]} hxg5 $2 (17... Nxe4 $1 $17 {[%mdl 512]} 18. fxe4 dxe4 19. gxh6 Bf6) 18. h4 $11 g4 19. h5 dxe4 (19... gxf3 20. hxg6+ Kg8 21. Bh6 $14) 20. hxg6+ Kg8 21. gxf7+ $2 (21. Bxe4 $11 Nxe4 22. fxe4 Bxe4 {[%mdl 64] Double Attack} 23. Bh6 Bxh1 24. Bxg7 Kxg7 25. Qg5) 21... Kxf7 $2 (21... Rxf7 $19 22. fxe4 Nxe4) 22. fxe4 $16 Nxe4 23. Bxe4 Bxe4 24. Rhf1+ $2 {[%mdl 8192]} (24. Bh6 $16 {is forced if you want to stay better.} Bf6 25. Bxf8 Bxh1 26. Bxe7 Qxe7 27. Rxh1) 24... Kg8 $19 {...Nf3 is the strong threat.} 25. Rxf8+ Qxf8 26. Nc3 Nc4 27. Qe1 (27. Qe2 $17 {was the only defense.} Bf3 {[%mdl 64] Skewer} 28. Nxf3 Qxf3 29. Bc1 Qxe2 30. Nxe2) 27... Bf3 $2 (27... Bg6 $19 28. Bg5 Qf7) 28. Rd3 $2 {[%mdl 8192]} ({White has to play} 28. Nxf3 $15 Qxf3 29. Bc1) 28... Qf7 (28... b4 $19 {has better winning chances.} 29. Bc1 bxc3 30. Qe6+ Kh8 31. Nxf3 cxb2 32. Bxb2 Bxb2) 29. Bc1 (29. Nxf3 $17 {was called for.} gxf3 30. Bf2) 29... e5 $2 (29... b4 $1 $19 {[%cal Rb4c3]} 30. Nxf3 gxf3) 30. Nxf3 $11 gxf3 31. Qf2 Rf8 32. Ne4 (32. Rd1 $15) 32... Qf5 $17 33. Ng3 Qg6 (33... Qg4 $17 {And now ...e4 would win.} 34. Rd5 Qe6) 34. Rd1 $2 (34. Rxf3 $11 Rxf3 35. Qxf3) 34... e4 $19 {aiming for ...e3!} 35. Rg1 {[#]} e3 $1 {[%mdl 512]} 36. Bxe3 Nxe3 (36... Qf6 $1 $17 {[%csl Gc4,Gg7][%cal Rf6b2]} 37. c3 Nxe3 38. Qxe3 f2) 37. Qxe3 $15 f2 (37... Qf6 $1 $15 38. Qb3+ Rf7) 38. Rf1 $11 Qg4 {Threatens to win with ...Rf3!} 39. Ne2 Qg2 $40 {[%mdl 128] Black mounts an attack.} (39... Rf3 $5 {[%cal Rf3e3]} 40. Qd2 Qc4 $17) 40. Ng3 {[#]} Rf6 {Played: Rf8-f3} 0-1

[Event "RUS-ch Men Blitz 2019"]
[Site "Sochi"]
[Date "2019.10.17"]
[Round "4.24"]
[White "Goltsev, Dmitry"]
[Black "Rozum, Ivan"]
[Result "1-0"]
[WhiteElo "2309"]
[BlackElo "2599"]
[Annotator "TA"]
[PlyCount "97"]
[EventDate "2019.10.17"]
[EventType "swiss"]
[EventCountry "RUS"]
[SourceTitle "playchess.com"]
[Source "ChessBase"]
[SourceQuality "1"]

{[%evp 12,97,37,32,48,32,48,-5,48,23,47,29,129,-23,50,48,52,41,44,39,191,200,237,223,236,230,218,219,281,241,294,289,280,267,404,391,487,466,477,462,591,525,587,504,515,494,487,441,504,427,428,385,445,441,591,422,424,427,387,328,314,323,362,366,360,347,355,353,354,368,345,-552,407,407,407,407,481,470,780,16,550,308,292,198,479,293,29987,29988]} 1. e4 d6 2. d4 Nf6 3. Nc3 e5 4. dxe5 dxe5 5. Qxd8+ Kxd8 6. Nf3 Bd6 7. Bc4 Ke7 {B07: Pirc Defence: Miscellaneous Systems} 8. h3 (8. Bg5 c6 9. O-O-O Be6 10. Bxe6 fxe6 11. Nd2 Nbd7 12. f3 b5 13. a4 a6 14. Nb3 Bb4 15. Rd3 c5 16. Rhd1 Rhd8 {1-0 (50) Urkedal,F (2572)-Plat,V (2569) chess.com INT 2018}) 8... a6 $146 ({Predecessor:} 8... Be6 9. Bxe6 fxe6 10. Be3 Nc6 11. a3 a6 12. O-O b5 13. Rfd1 Rhd8 14. g3 Na5 {½-½ (25) Jaekel,A (1536)-O'Neill McAleenan,C (1985) ICCF email 2014}) 9. a4 (9. Bg5 $14) 9... Nbd7 (9... Be6 $11 10. Nd5+ Nxd5 11. exd5 Bf5) 10. Bg5 c6 11. O-O-O b5 {[#]} (11... Bb4 $11) 12. Bb3 $2 ({Worse is} 12. axb5 axb5 13. Bxf7 (13. Ba2 $2 b4 $19) 13... Ra1+ 14. Nb1 Bc7 $11) (12. Bxf7 $1 $16 Nc5 13. Rxd6 Kxd6 14. Rd1+ Kc7 15. Nxe5) 12... h6 (12... Nc5 $11) 13. Nh4 $36 {[%mdl 2048] Hoping for Nf5+. White fights for an advantage.} Nc5 14. Bxf6+ $1 gxf6 15. Bxf7 {[%mdl 64] Deflection} Kxf7 $2 ({Black should play} 15... Rd8 $14 16. Bg6 bxa4) 16. Rxd6 $18 b4 17. Rxc6 bxc3 18. Rxc5 cxb2+ 19. Kxb2 {[#] Strongly threatening Rc7+.} Ra7 20. Rd1 Bd7 21. a5 Rb8+ 22. Kc1 Rab7 (22... Rb4 $142 23. Nf5 Ra4) 23. Rd6 Bb5 24. Nf5 h5 25. Kd2 Rg8 26. Ne3 Kg7 27. Nd5 Rf8 28. Rc3 Rbf7 29. Rg3+ Kh7 30. Rf3 Kg7 31. Rf5 h4 32. Rh5 f5 33. exf5 Rxf5 34. Rxf5 Rxf5 {[%mdl 4096] Endgame KRB-KRN} 35. Ke3 Bf1 36. g3 hxg3 37. fxg3 Bxh3 38. Rxa6 Bg2 39. Ra7+ Kh6 40. c4 Rf3+ 41. Ke4 $4 {[%mdl 8192]} (41. Kd2 $18 {was the only winning move.}) 41... Rc3+ $4 {[%mdl 8192]} (41... Rf7+ $1 $19 {and life is good for Black.} 42. Kxe5 Rxa7) 42. Kxe5 Rxc4 {intending ...Rc5.} 43. Nf4 Bf3 44. Ra6+ Kg7 (44... Kh7 $142 45. Ne6 Be2 46. Ra7+ Kh6) 45. Rb6 $2 (45. Ne6+ $18 Kh8 46. Rd6) 45... Ra4 $2 {[%mdl 8192]} (45... Rc5+ $11 {and Black stays safe.} 46. Kd4 Rxa5) 46. Rb5 Ra3 47. Rc5 Bh1 $2 (47... Bg4 48. Nd5 Kg6) 48. Kd6 Rxg3 $2 (48... Bf3 $18 49. Rb5 Kf6) 49. Nh5+ {[%mdl 64] Double Attack. Accuracy: White = 47%, Black = 21%.} 1-0

[Event "RUS-ch Men Blitz 2019"]
[Site "Sochi"]
[Date "2019.10.17"]
[Round "4.25"]
[White "Sibriaev, Aleksandr"]
[Black "Yuffa, Daniil"]
[Result "0-1"]
[WhiteElo "2238"]
[BlackElo "2577"]
[Annotator "TA"]
[PlyCount "112"]
[EventDate "2019.10.17"]
[EventType "swiss"]
[EventCountry "RUS"]
[SourceTitle "playchess.com"]
[Source "ChessBase"]
[SourceQuality "1"]

{[%evp 9,112,-47,-42,-39,-38,-47,-34,-42,-45,-38,-35,-40,-33,-21,-25,-53,-17,-67,-65,-57,-60,-103,-58,-108,-111,-108,-37,-72,-82,-74,-74,-70,-35,-58,-37,-57,0,0,8,-10,-15,-58,-47,-69,-33,-34,0,-62,90,72,78,85,113,108,112,110,94,103,97,0,0,0,0,0,0,0,0,0,205,14,42,0,0,0,0,0,0,0,0,-8,0,0,0,-59,0,0,0,0,0,0,7,0,125,107,133,0,8,0,0,-73,-73,-236,-234,-1081,-1067]} 1. Nc3 d5 2. e4 Nf6 3. e5 Ne4 4. Nf3 c5 5. d3 (5. Nb1 c4 6. d3 cxd3 7. cxd3 Nc5 8. Be3 e6 9. Nc3 Nc6 10. d4 Ne4 11. Bd3 Nxc3 12. bxc3 {1-0 (58) Baramidze,D (2582)-Horvath,J (2519) Austria 2008}) 5... Nxc3 6. bxc3 {B02: Alekhine's Defence: Chase Variation and lines with early Nc3} Nc6 7. Bf4 Bg4 8. Be2 {Black is slightly better.} e6 9. O-O Be7 10. h3 $146 ({Predecessor:} 10. Rb1 Qc7 11. Re1 O-O 12. h3 {0-1 (82) Markus,J (2215)-De Gijsel,T Soest 1996}) 10... Bh5 11. Rb1 Rb8 12. Qd2 O-O 13. Rfe1 b5 14. g4 Bg6 15. Bf1 c4 16. Bg5 Bxg5 17. Nxg5 cxd3 (17... h6 $17 18. Nf3 Qa5) 18. cxd3 d4 19. Nf3 dxc3 20. Qxc3 Rb6 21. Rb2 b4 22. Qc5 Qe7 (22... h6 $15) 23. Rc1 $11 Rfb8 24. Qxe7 Nxe7 25. d4 Be4 26. Nd2 Bd5 27. Nb3 Nc6 28. Rbc2 ({White should try} 28. Bg2 $11) 28... Bxb3 $2 (28... g5 $15 29. Bc4 Ne7) 29. axb3 $16 Ne7 30. Bg2 g5 31. Rc7 Ng6 32. Rxa7 Nf4 33. Rcc7 Rf8 34. Rcb7 (34. Rd7 $16) 34... Rxb7 $11 35. Rxb7 {[%mdl 4096] Endgame KRB-KRN} Rc8 36. Rxb4 Rc1+ 37. Kh2 Rc2 38. Kg1 Nd3 $2 {[#]} (38... Rc1+ $11 {and Black stays safe.} 39. Kh2 Rc2) 39. Rc4 $2 ({White must play} 39. Rb8+ $1 $18 Kg7 40. b4) 39... Rb2 40. Rc3 Nf4 {aiming for ...Ne2+.} 41. Re3 (41. Rc8+ {is more complex.} Kg7 42. Rb8 Ne2+ 43. Kf1 Nxd4 44. Be4) 41... Ne2+ 42. Kh2 Nxd4 43. Re4 Ne2 44. b4 Nf4 45. Kg3 Rb3+ 46. f3 (46. Kh2 $11) 46... Rb2 (46... Rb1 $1 $15 47. h4 h6 48. hxg5 hxg5) 47. Bf1 Kg7 48. h4 h6 49. b5 Rb1 50. Kf2 Rb3 (50... Rb2+ $11 {keeps the balance.} 51. Kg3 Nd5) 51. hxg5 $16 hxg5 {[#]} 52. Rd4 (52. Bc4 $1 $16 {[%cal Rc4b3]} Rb1 53. Ke3) 52... Rb2+ 53. Ke3 {Hoping for Ra4.} Nd5+ 54. Kd3 (54. Ke4 $11 {remains equal.}) 54... Rxb5 55. Ra4 $2 (55. Kd2 $17 {was necessary.} Ra5 56. Bd3) 55... Rb3+ $19 56. Ke2 $2 (56. Kd2 Rxf3 57. Bc4) 56... Nc3+ {[%mdl 64] Double Attack. Accuracy: White = 31%, Black = 43%.} 0-1

[Event "RUS-ch Men Blitz 2019"]
[Site "Sochi"]
[Date "2019.10.17"]
[Round "4.26"]
[White "Gogolev, Artem"]
[Black "Iljin, Artem"]
[Result "1-0"]
[WhiteElo "2339"]
[BlackElo "2509"]
[Annotator "TA"]
[PlyCount "125"]
[EventDate "2019.10.17"]
[EventType "swiss"]
[EventCountry "RUS"]
[SourceTitle "playchess.com"]
[Source "ChessBase"]
[SourceQuality "1"]

{[%evp 17,125,20,23,4,4,-6,0,0,78,0,0,0,0,7,7,0,8,0,0,0,0,0,0,0,0,0,0,0,0,0,0,0,0,0,0,0,0,0,0,-38,-33,-28,-21,-24,-28,-30,-10,-28,-14,-17,0,0,0,0,0,0,10,8,62,51,54,36,56,33,75,0,10,6,9,0,0,0,0,0,7,7,90,0,0,0,8,0,0,0,104,104,123,104,298,297,450,393,364,359,331,352,2158,1847,1741,0,275,0,1704,1553,2957,2390,29985,29986,29985,29986]} 1. d4 d5 2. c4 e6 3. g3 Nf6 4. Bg2 Be7 5. Nf3 O-O 6. O-O dxc4 7. Qc2 c6 8. Qxc4 b5 9. Qc2 Bb7 10. Nbd2 {D30: Queen's Gambit Declined: Systems without Nc3} (10. Bg5 Nbd7 11. Ne5 Nxe5 12. dxe5 Nd7 13. Bxe7 Qxe7 14. f4 f6 15. exf6 Nxf6 16. Nd2 e5 17. e3 exf4 18. exf4 Rae8 {½-½ (41) Radjabov,T (2756)-Karjakin,S (2753) Shamkir 2019}) 10... Nbd7 11. a4 a6 12. Nb3 {The position is equal.} Qb6 (12... c5 $1 $11) 13. Bg5 $146 (13. Be3 $16) ({Predecessor:} 13. Bd2 Rac8 14. Ba5 Qa7 15. Rfc1 c5 16. axb5 cxd4 17. Qd2 e5 {½-½ (57) Jianu,V (2444)-Chirila,I (2207) Bucharest 2004}) 13... c5 $11 14. Bxf6 gxf6 15. dxc5 Nxc5 16. Nxc5 Bxc5 17. axb5 (17. Qd2 {is interesting.} Be7 18. a5 Qa7 19. Rac1 Rad8 20. Qf4) 17... axb5 18. Rxa8 Rxa8 19. e3 Rc8 20. Qe2 Be7 21. Nd4 Bxg2 22. Kxg2 b4 23. Qg4+ Kh8 24. Rd1 f5 25. Qh5 Kg7 26. Nf3 Qb7 27. Kh3 Bf6 28. Rd2 (28. Ne5 $5 {[%cal Rd1d7]} Bxe5 29. Qg5+ Kh8 30. Rd8+ Rxd8 31. Qxd8+ Kg7 32. Qg5+ Kh8 33. Qd8+ Kg7 34. Qg5+ Kh8 35. Qd8+ $11) 28... Rc4 29. Nd4 Qe4 30. Qe2 Rc5 31. f3 Qb7 (31... Qe5 {looks sharper.} 32. Nb3 Rc6 33. Kg2 Rc8 34. Rd4 Qc7) 32. Kg2 Rd5 (32... h5 {feels hotter.} 33. Qe1 Qb6 34. h4 Rc8 35. Qe2 Kg6) 33. Rc2 Bxd4 34. exd4 {[%mdl 4096] Endgame KQR-KQR} Qb6 35. Rc4 Qd6 36. Qd2 {aiming for Qg5+.} h6 37. Qxb4 Qxb4 (37... Qa6 $11) 38. Rxb4 {KR-KR} Ra5 39. Kf2 Ra1 40. h4 Kf6 41. Ke3 ({White should play} 41. d5 $16) 41... Rg1 42. Kf4 Rd1 43. Rc4 h5 44. b4 Rb1 45. Ke3 Rb3+ 46. Ke2 Rb2+ {[#]} (46... Ke7 $11) 47. Ke3 (47. Kd3 $1 $16) 47... Rb3+ 48. Kf4 Rd3 49. b5 {Rb4 is the strong threat.} Rb3 50. Rc5 Rb4 (50... Rd3 $11) 51. Ke3 $16 Rb3+ 52. Ke2 Rb2+ $2 {[#]} (52... Ke7 $16) 53. Kd3 $1 $18 {[%cal Rd3c4]} Rb3+ (53... Ke7 {is a better defense.} 54. Kc4 Kd6) 54. Kc2 Rb4 55. Kc3 Rb1 56. Kc4 Rc1+ $2 (56... Ke7 57. Rc7+ Kd6 58. Rxf7 Rc1+ 59. Kd3 Rb1) 57. Kb4 Rb1+ 58. Kc4 $2 (58. Ka5 {Black must now prevent b6.} Ra1+ 59. Kb6) 58... Rc1+ $1 59. Kb4 $2 (59. Kb3 Rb1+ 60. Kc4) 59... Rb1+ 60. Ka5 Rb3 61. b6 {[%cal Bb5b6,Bb6b7][%mdl 32]} Rxf3 62. b7 Ra3+ 63. Kb6 {Accuracy: White = 62%, Black = 38%.} 1-0

[Event "RUS-ch Men Blitz 2019"]
[Site "Sochi"]
[Date "2019.10.17"]
[Round "4.27"]
[White "Skvortsov, Andrei"]
[Black "Belozerov, Andrei"]
[Result "0-1"]
[WhiteElo "2139"]
[BlackElo "2515"]
[Annotator "TA"]
[PlyCount "62"]
[EventDate "2019.10.17"]
[EventType "swiss"]
[EventCountry "RUS"]
[SourceTitle "playchess.com"]
[Source "ChessBase"]
[SourceQuality "1"]

{[%evp 9,62,2,0,0,0,-4,0,0,6,-28,0,0,-11,-37,-31,-28,-16,-60,-48,-42,-36,-49,-37,-50,-57,-41,-12,-114,-90,-121,-91,-183,-170,-255,-254,-340,-332,-398,-376,-674,-429,-443,-314,-687,-674,-680,-666,-1008,-1010,-1276,-1113,-1225,-1190,-29987,-29982]} 1. e4 c6 2. e5 d6 3. exd6 exd6 4. d4 d5 5. Bd3 Nf6 (5... Bd6 6. Nf3 Ne7 7. O-O h6 8. b3 O-O 9. c4 Bf5 10. Nc3 Bxd3 11. Qxd3 Nd7 12. Re1 Nf6 13. Bd2 dxc4 14. bxc4 {½-½ (40) Paravyan,D (2634)-Shubin,K (2334) St Petersburg 2018}) 6. Nf3 {C01: French: Exchange Variation} Bd6 7. Qe2+ Be6 8. Ng5 {The position is equal.} Qe7 9. c3 $146 ({Predecessor:} 9. O-O O-O 10. Nd2 Bd7 11. Qxe7 Bxe7 12. Re1 Bd6 {½-½ (28) Zahour,J (2375)-Laurenc,P (2392) ICCF email 2012}) 9... O-O (9... Bg4 $5 {[%cal Rg4e2]} 10. Qxe7+ Bxe7 $11) 10. Nxe6 fxe6 11. Bg5 Nbd7 12. Nd2 e5 13. dxe5 Nxe5 14. Bc2 Rae8 $36 {[%mdl 2048] [#] Strongly threatening ...Nf3+! White is under pressure.} 15. O-O-O $1 Qf7 16. Qf1 b5 17. f3 b4 {aiming for ...bxc3.} 18. cxb4 (18. c4 $11) 18... Bxb4 $17 19. Kb1 Rb8 20. Bf4 {[#]} (20. Qf2 $17) 20... Nfd7 $1 $19 21. Bxe5 (21. Bg3 $142) 21... Nxe5 22. Nb3 a5 23. Qe2 Rfe8 24. Nc1 $2 (24. Qa6 c5 25. Qd6) 24... Bf8 25. Qf2 g6 26. Ba4 $2 (26. Bb3) 26... Bg7 27. Nb3 Rb4 28. f4 Rxa4 29. Rhf1 Nc4 30. Rfe1 Qf5+ 31. Kc1 Rxe1 {Accuracy: White = 27%, Black = 73%.} 0-1

[Event "RUS-ch Men Blitz 2019"]
[Site "Sochi"]
[Date "2019.10.17"]
[Round "4.28"]
[White "Lugovskoy, Maxim"]
[Black "Chekletsov, Ilya"]
[Result "1-0"]
[WhiteElo "2436"]
[BlackElo "2377"]
[Annotator "NA RC"]
[PlyCount "125"]
[EventDate "2019.10.17"]
[EventType "swiss"]
[EventCountry "RUS"]
[SourceTitle "playchess.com"]
[Source "ChessBase"]
[SourceQuality "1"]
[TimeControl "180+2"]

1. d4 {[%emt 0:00:00]} Nf6 {[%emt 0:00:00]} 2. Nc3 {[%emt 0:00:00]} d5 {[%emt 0:00:14]} 3. Bf4 {[%emt 0:00:01]} g6 {[%emt 0:00:05]} 4. e3 {[%emt 0:00:02]} Bg7 {[%emt 0:00:02]} 5. Nf3 {[%emt 0:00:01]} O-O {[%emt 0:00:10]} 6. Ne5 {[%emt 0:00:02]} c6 {[%emt 0:00:07]} 7. Be2 {[%emt 0:00:01]} Nfd7 {[%emt 0:00:02]} 8. Qd2 {[%emt 0:00:16]} Nxe5 {[%emt 0:00:05]} 9. Bxe5 {[%emt 0:00:01]} f6 {[%emt 0:00:20]} 10. Bg3 {[%emt 0:00:01]} e5 {[%emt 0:00:02]} 11. h4 {[%emt 0:00:02]} Be6 {[%emt 0:00:12]} 12. h5 {[%emt 0:00:02]} Nd7 {[%emt 0:00:05]} 13. hxg6 {[%emt 0:00:01]} hxg6 {[%emt 0:00:02]} 14. O-O-O {[%emt 0:00:02]} Qe7 {[%emt 0:00:09]} 15. f3 {[%emt 0:00:02]} f5 {[%emt 0:00:11]} 16. f4 {[%emt 0:00:07]} exd4 {[%emt 0:00:07]} 17. exd4 {[%emt 0:00:01]} Nf6 {[%emt 0:00:01]} 18. Bh4 {[%emt 0:00:01]} Qd6 {[%emt 0:00:08]} 19. Bf3 {[%emt 0:00:09]} Ne4 {[%emt 0:00:03]} 20. Bxe4 {[%emt 0:00:01]} dxe4 {[%emt 0:00:04]} 21. g4 {[%emt 0:00:01]} Kf7 {[%emt 0:00:31]} 22. gxf5 {[%emt 0:00:02]} Bxf5 {[%emt 0:00:01]} 23. Qe3 {[%emt 0:00:02]} Rae8 {[%emt 0:00:09]} 24. Kb1 {[%emt 0:00:01]} a6 {[%emt 0:00:03]} 25. Ne2 {[%emt 0:00:08]} Rh8 {[%emt 0:00:05]} 26. Ng3 {[%emt 0:00:05]} Qd5 {[%emt 0:00:04]} 27. Nxf5 {[%emt 0:00:07]} Qxf5 {[%emt 0:00:05]} 28. Qb3+ {[%emt 0:00:01]} Kf8 {[%emt 0:00:23]} 29. d5 {[%emt 0:00:09]} e3 {[%emt 0:00:07]} 30. d6 {[%emt 0:00:11]} e2 31. Rde1 Qd5 {[%emt 0:00:07]} 32. Be7+ {[%emt 0:00:09]} Kf7 {[%emt 0:00:06]} 33. Qxd5+ {[%emt 0:00:40]} cxd5 {[%emt 0:00:01]} 34. d7 {[%emt 0:00:07]} Rxe7 {[%emt 0:00:12]} 35. Rxh8 {[%emt 0:00:01]} Rxd7 {[%emt 0:00:04]} 36. Rh2 {[%emt 0:00:01]} d4 {[%emt 0:00:01]} 37. Rhxe2 {[%emt 0:00:02]} Bf6 {[%emt 0:00:01]} 38. Rd2 {[%emt 0:00:03]} Rd8 {[%emt 0:00:02]} 39. a3 {[%emt 0:00:03]} Rh8 {[%emt 0:00:01]} 40. Rd3 {[%emt 0:00:03]} Rh4 {[%emt 0:00:01]} 41. Rf1 {[%emt 0:00:00]} Ke6 {[%emt 0:00:01]} 42. a4 {[%emt 0:00:01]} b5 {[%emt 0:00:02]} 43. axb5 {[%emt 0:00:02]} axb5 {[%emt 0:00:01]} 44. Rb3 {[%emt 0:00:02]} Rh5 {[%emt 0:00:01]} 45. Re1+ {[%emt 0:00:06]} Kd6 {[%emt 0:00:00]} 46. Ra3 {[%emt 0:00:01]} Rf5 {[%emt 0:00:08]} 47. Ra6+ {[%emt 0:00:02]} Kc5 {[%emt 0:00:02]} 48. Ree6 {[%emt 0:00:05]} Bh4 {[%emt 0:00:01]} 49. Re5+ {[%emt 0:00:18]} Rxe5 {[%emt 0:00:00]} 50. fxe5 g5 51. Rg6 {[%emt 0:00:12]} Kd5 {[%emt 0:00:02]} 52. e6 {[%emt 0:00:00]} Kd6 {[%emt 0:00:00]} 53. Kc1 {[%emt 0:00:02]} Bg3 {[%emt 0:00:03]} 54. Kd2 {[%emt 0:00:02]} Bf4+ {[%emt 0:00:04]} 55. Kd3 {[%emt 0:00:00]} Be3 {[%emt 0:00:01]} 56. b4 {[%emt 0:00:19]} Ke7 {[%emt 0:00:08]} 57. c3 {[%emt 0:00:00]} Bf2 {[%emt 0:00:03]} 58. cxd4 {[%emt 0:00:03]} Be1 {[%emt 0:00:01]} 59. Rxg5 {[%emt 0:00:05]} Bxb4 {[%emt 0:00:01]} 60. Rxb5 {[%emt 0:00:01]} Bd6 {[%emt 0:00:02]} 61. d5 {[%emt 0:00:01]} Be5 {[%emt 0:00:01]} 62. Ke4 {[%emt 0:00:02]} Bh2 {[%emt 0:00:01]} 63. Rb7+ {[%emt 0:00:01]} 1-0